[Event "GER-chT North U14"]
[White "Warda, Leonardo"]
[Black "Trinh, Phan Duc Hieu"]
[Site "Magdeburg"]
[Round "3.4"]
[Result "1/2-1/2"]
[Date "2014.09.12"]
[WhiteElo "1112"]
[BlackElo "1167"]
[PlyCount "118"]
[EventDate "2014.09.11"]
[EventType "team-swiss"]
[EventRounds "7"]
[EventCountry "GER"]
[SourceTitle "EXT 2016"]
[Source "ChessBase"]
[SourceDate "2015.10.08"]
[SourceVersion "1"]
[SourceVersionDate "2015.10.08"]
[SourceQuality "1"]
[WhiteTeam "Schwerin"]
[BlackTeam "Potsdam USV"]
[WhiteTeamCountry "GER"]
[BlackTeamCountry "GER"]

1. d4 d5 2. c4 e6 3. Nc3 Nf6 4. Nf3 Nc6 5. Bg5 Be7 6. Ne5 0-0 7. e3 h6 8. cxd5 exd5 9. Bh4 Bf5 10. Nxc6 bxc6 11. Bd3 Qd7 12. Bxf6 Bxf6 13. Bxf5 Qxf5 14. Qf3 Qc2 15. Qe2 Qxe2+ 16. Kxe2 Rfe8 17. Rad1 Rab8 18. Na4 Rb4 19. b3 Bxd4 20. Kf3 Bf6 21. Rc1 Re6 22. a3 Rh4 23. Nc5 Re5 24. g3 Rhh5 25. Nd7 Ref5+ 26. Kg2 Bb2 27. Rxc6 Bxa3 28. g4 Rfg5 29. Kf3 Rh3+ 30. Kg2 Rh4 31. Kg3 Rgxg4+ 32. Kf3 Re4 33. Rg1 Re6 34. Nf6+ Kh8 35. Rxe6 fxe6 36. Ne8 Bf8 37. Nxc7 Rxh2 38. Nxe6 Kg8 39. Nf4 Bd6 40. Nxd5 a5 41. Rb1 Rh5 42. e4 Bc5 43. b4 axb4 44. Nxb4 Kf7 45. Nd3 Rh3+ 46. Ke2 Be7 47. Rg1 g5 48. Ne5+ Kf6 49. Ng4+ Kg6 50. f3 h5 51. Nf2 Rh2 52. Kf1 Bc5 53. Rg2 Rxg2 54. Kxg2 Bxf2 55. Kxf2 h4 56. Kg2 Kf6 57. Kh3 Ke5 58. Kg4 Kf6 59. Kh3 Ke5 1/2-1/2

[Event "GER-chT North U14"]
[White "Trinh, Phan Duc Hieu"]
[Black "Wehrhahn, Duncan"]
[Site "Magdeburg"]
[Round "1.4"]
[Result "1/2-1/2"]
[Date "2014.09.11"]
[WhiteElo "1167"]
[BlackElo "1214"]
[PlyCount "59"]
[EventDate "2014.09.11"]
[EventType "team-swiss"]
[EventRounds "7"]
[EventCountry "GER"]
[SourceTitle "EXT 2016"]
[Source "ChessBase"]
[SourceDate "2015.10.08"]
[SourceVersion "1"]
[SourceVersionDate "2015.10.08"]
[SourceQuality "1"]
[WhiteTeam "Potsdam USV"]
[BlackTeam "Laatzen"]
[WhiteTeamCountry "GER"]
[BlackTeamCountry "GER"]

1. e4 e5 2. Nf3 Nc6 3. Nc3 Nf6 4. Bb5 Bb4 5. 0-0 d6 6. d4 a6 7. Bxc6+ bxc6 8. dxe5 dxe5 9. Qxd8+ Kxd8 10. Nxe5 Ke8 11. Nxc6 Bxc3 12. bxc3 Bb7 13. Nb4 Bxe4 14. Re1 Kd8 15. f3 Bg6 16. Re2 Re8 17. Nc6+ Kd7 18. Ne5+ Kd6 19. Nc4+ Kc5 20. Rxe8 Rxe8 21. Na3 Nd5 22. Bd2 Re2 23. Rd1 Kb6 24. c4 Ne3 25. Bxe3+ Rxe3 26. Rb1+ Kc6 27. Rb3 Re2 28. Rb2 Re3 29. Rb3 Re2 30. Rb2 1/2-1/2

[Event "GER-chT North U12"]
[White "Trinh, Phan Duc Hieu"]
[Black "Rudi, Jonathan"]
[Site "Magdeburg"]
[Round "1.4"]
[Result "1-0"]
[Date "2013.09.12"]
[WhiteElo "1151"]
[BlackElo "849"]
[PlyCount "124"]
[EventDate "2013.09.12"]
[EventType "team-swiss"]
[EventRounds "7"]
[EventCountry "GER"]
[SourceTitle "EXT 2014"]
[Source "ChessBase"]
[SourceDate "2013.11.20"]
[SourceVersion "1"]
[SourceVersionDate "2013.11.20"]
[SourceQuality "1"]
[WhiteTeam "Potsdam"]
[BlackTeam "Nordhorn Blanke"]
[WhiteTeamCountry "GER"]
[BlackTeamCountry "GER"]

1. e4 e5 2. Nf3 Nc6 3. Nc3 Nf6 4. Bb5 a6 5. Bxc6 bxc6 6. Nxe5 d5 7. d3 Bb4 8. 0-0 Qd6 9. Nf3 dxe4 10. Nxe4 Nxe4 11. dxe4 0-0 12. c3 Qg6 13. Kh1 Bg4 14. cxb4 Rad8 15. Qe2 Rfe8 16. Rd1 Rxd1+ 17. Qxd1 h6 18. h3 Bxf3 19. Qxf3 Rxe4 20. Bd2 Rc4 21. Qe2 Rc2 22. b3 Qf6 23. Qd1 Rxd2 24. Qxd2 Qxa1+ 25. Kh2 Kh7 26. Qc2+ g6 27. Qxc6 Qxa2 28. Qc4 Qxf2 29. Qxa6 Qf4+ 30. Kg1 Qxb4 31. Qd3 f6 32. Qd7+ Kg8 33. Qc8+ Kf7 34. Qd7+ Qe7 35. Qd5+ Qe6 36. Qd3 Qf5 37. Qc4+ Qe6 38. Qxc7+ Qe7 39. Qc4+ Qe6 40. Qc3 g5 41. b4 Qb6+ 42. Kh1 Kg6 43. Qa3 f5 44. Qa5 Qb7 45. b5 Kf7 46. Qa6 Qb8 47. b6 Ke7 48. Qa7+ Qxa7 49. bxa7 Kf6 50. a8Q Kg6 51. g4 fxg4 52. hxg4 h5 53. gxh5+ Kxh5 54. Qg8 Kg4 55. Kg2 Kf4 56. Kh3 g4+ 57. Qxg4+ Ke5 58. Kg3 Kd5 59. Qf4 Kc5 60. Qe4 Kb6 61. Qd5 Ka6 62. Qb3 Ka5 1-0

[Event "GER-chT North U12"]
[White "Meyling, Lennart"]
[Black "Trinh, Phan Duc Hieu"]
[Site "Magdeburg"]
[Round "5.3"]
[Result "1-0"]
[Date "2012.09.08"]
[WhiteElo "1499"]
[BlackElo "1166"]
[PlyCount "89"]
[EventDate "2012.09.06"]
[EventType "team-swiss"]
[EventRounds "7"]
[EventCountry "GER"]
[SourceTitle "EXT 2015"]
[Source "ChessBase"]
[SourceDate "2014.11.20"]
[SourceVersion "1"]
[SourceVersionDate "2014.11.20"]
[SourceQuality "1"]
[WhiteTeam "Hamburger SK"]
[BlackTeam "Potsdam"]
[WhiteTeamCountry "GER"]
[BlackTeamCountry "GER"]

1. e4 e6 2. d4 d5 3. Nd2 dxe4 4. Nxe4 Be7 5. Nf3 Nf6 6. Bd3 0-0 7. 0-0 Nxe4 8. Bxe4 c5 9. c3 Nc6 10. Be3 f5 11. Bxc6 bxc6 12. Ne5 Qd6 13. Bf4 Ba6 14. Re1 Rfd8 15. Qf3 Qd5 16. Nxc6 Qxf3 17. Nxe7+ Kf8 18. gxf3 Kxe7 19. Bg5+ Kd7 20. Bxd8 Rxd8 21. dxc5 Ke7 22. Rad1 Rg8 23. Rd6 Bb5 24. Rdxe6+ Kd8 25. c6 Kc7 26. R1e5 Bxc6 27. Rc5 g5 28. Rexc6+ Kd7 29. Rc7+ Kd6 30. R5c6+ Kd5 31. Rc8 Rg7 32. c4+ Ke5 33. Rd8 g4 34. f4+ Kxf4 35. Re6 Kg5 36. c5 a5 37. c6 a4 38. Rd7 Rg8 39. c7 Rf8 40. Rd8 Rf7 41. c8Q Rg7 42. Rg8 Rxg8 43. Qxg8+ Kf4 44. Qxh7 Kg5 45. Qh6# 1-0

[Event "GER-chT North U12"]
[White "Suckert, Jannis"]
[Black "Trinh, Phan Duc Hieu"]
[Site "Magdeburg"]
[Round "1.3"]
[Result "0-1"]
[Date "2012.09.06"]
[WhiteElo "886"]
[BlackElo "1166"]
[PlyCount "172"]
[EventDate "2012.09.06"]
[EventType "team-swiss"]
[EventRounds "7"]
[EventCountry "GER"]
[SourceTitle "EXT 2015"]
[Source "ChessBase"]
[SourceDate "2014.11.20"]
[SourceVersion "1"]
[SourceVersionDate "2014.11.20"]
[SourceQuality "1"]
[WhiteTeam "Schoenebeck Gross"]
[BlackTeam "Potsdam"]
[WhiteTeamCountry "GER"]
[BlackTeamCountry "GER"]

1. e4 e6 2. Nf3 d5 3. exd5 exd5 4. Bd3 c5 5. b3 Nf6 6. 0-0 Nc6 7. Bb5 Bg4 8. Qe1+ Be7 9. Ne5 Qc7 10. d3 a6 11. Bxc6+ bxc6 12. Bg5 0-0 13. Bxf6 Bxf6 14. Nxg4 Bxa1 15. c3 d4 16. Qc1 dxc3 17. Nxc3 Bxc3 18. Qxc3 Rfe8 19. Ne3 Qe5 20. Qd2 Rad8 21. Re1 Qd4 22. Nf5 Qf6 23. Rxe8+ Rxe8 24. g4 Qe5 25. Ne3 Re6 26. f3 Rh6 27. a3 a5 28. Nc4 Qa1+ 29. Kg2 Re6 30. Kf2 Qd4+ 31. Kg2 f6 32. h3 Kf7 33. Kf1 Qa1+ 34. Kf2 g6 35. a4 f5 36. g5 Qd4+ 37. Kg2 Re7 38. Nxa5 Qe3 39. Qd1 Qe2+ 40. Qxe2 Rxe2+ 41. Kf1 Re3 42. Kf2 Rxd3 43. Ke2 Rc3 44. Nxc6 Rxb3 45. Kd2 Ke8 46. Ke2 c4 47. Nd4 Rb2+ 48. Kd1 Kd7 49. Kc1 Rf2 50. a5 Kc7 51. Kd1 Kb7 52. Ke1 Ra2 53. Ne6 c3 54. Kd1 c2+ 55. Kc1 Ra1+ 56. Kxc2 Rxa5 57. Nf8 f4 58. Kd2 Rxg5 59. Nxh7 Rh5 60. Nf6 Rxh3 61. Ke2 Kc6 62. Ng4 Kd6 63. Nf6 Ke5 64. Nd7+ Kd4 65. Nf6 Rh2+ 66. Kf1 Kd3 67. Ng4 Ra2 68. Nf2+ Ke3 69. Ng4+ Kxf3 70. Ne5+ Kg3 71. Nd3 f3 72. Ne1 Rf2+ 73. Kg1 g5 74. Nd3 Rd2 75. Ne1 f2+ 76. Kf1 fxe1Q+ 77. Kxe1 Ra2 78. Kd1 Kf3 79. Kc1 Ke3 80. Kd1 g4 81. Kc1 Kd3 82. Kb1 Rh2 83. Kc1 g3 84. Kb1 Kc3 85. Ka1 Kb3 86. Kb1 Rh1# 0-1

[Event "GER-chT North U12"]
[White "Trinh, Phan Duc Hieu"]
[Black "Petersen, Marcel"]
[Site "Magdeburg"]
[Round "2.3"]
[Result "0-1"]
[Date "2012.09.06"]
[WhiteElo "1166"]
[BlackElo "1402"]
[PlyCount "52"]
[EventDate "2012.09.06"]
[EventType "team-swiss"]
[EventRounds "7"]
[EventCountry "GER"]
[SourceTitle "EXT 2015"]
[Source "ChessBase"]
[SourceDate "2014.11.20"]
[SourceVersion "1"]
[SourceVersionDate "2014.11.20"]
[SourceQuality "1"]
[WhiteTeam "Potsdam"]
[BlackTeam "Baumschulenweg"]
[WhiteTeamCountry "GER"]
[BlackTeamCountry "GER"]

1. e4 e5 2. Nf3 Nc6 3. Nc3 Bc5 4. Nxe5 Nxe5 5. d4 Bd6 6. dxe5 Bxe5 7. Bc4 Nf6 8. Bg5 c6 9. 0-0 0-0 10. Qf3 Qc7 11. Qh3 d5 12. Qh4 dxc4 13. Rad1 Ng4 14. f4 Qb6+ 15. Kh1 Bd4 16. Rd2 f6 17. h3 fxg5 18. Qxg5 Nf2+ 19. Kh2 Bxc3 20. bxc3 Nxe4 21. Qe7 Nxd2 22. Re1 Qf2 23. Re3 Nf1+ 24. Kh1 Nxe3 25. Qg5 Bg4 26. hxg4 Qxg2# 0-1